|
|
|
|
| LEADER |
00815nam a22002177a 4500 |
| 001 |
6077 |
| 003 |
BD-DhAAL |
| 005 |
20150106153852.0 |
| 008 |
150106s1995 bg ||||| b||| 00| 0 eng d |
| 040 |
|
|
|a BD-DhAAL
|c BD-DhAAL
|
| 082 |
|
|
|2 22
|a 370/.7/8
|
| 245 |
|
|
|a Educational research in policy perspective :
|b a collection of papers with comments
|
| 260 |
|
|
|a Dhaka :
|b National Academy for Educational Management (NAEM),
|c 1995
|
| 300 |
|
|
|a 193 p. ;
|c 24 cm.
|
| 541 |
|
|
|e 6077
|
| 650 |
|
|
|a Education
|x Research
|9 6478
|
| 710 |
|
|
|a National Academy for Educational Management
|9 7147
|
| 852 |
|
|
|a Ayesha Abed Library
|c General Stacks
|
| 942 |
|
|
|2 ddc
|c BK
|
| 999 |
|
|
|c 33399
|d 33399
|
| 952 |
|
|
|0 0
|1 0
|2 ddc
|4 0
|6 370_780000000000000_EDU
|7 0
|9 44641
|a BRACUL
|b BRACUL
|c GEN
|d 2015-01-06
|l 0
|o 370.78 EDU
|p 3010006077
|r 2015-01-06
|t 1
|w 2015-01-06
|y BK
|